100 Iconic English Celebrities by Picture - Statistics

General Stats
  • This quiz has been taken 131 times
    103 since last reset
  • The average score is 34 of 100
Answer Stats
Picture Answer % Correct
Ed Sheeran
99%
Emma Watson
88%
Daniel Radcliffe
87%
Elton John
87%
Harry Styles
87%
Tom Holland
86%
Andrew Garfield
79%
David Bowie
79%
Dua Lipa
78%
Amy Winehouse
77%
David Beckham
77%
Benedict Cumberbatch
76%
Freddie Mercury
76%
Adele
72%
Daniel Craig
69%
Paul McCartney
67%
Lewis Hamilton
65%
Zayn
65%
Harry Kane
64%
Millie Bobby Brown
60%
Ricky Gervais
59%
Judi Dench
58%
Kate Winslet
58%
Michael Caine
56%
Keira Knightley
52%
Eddie Redmayne
49%
Florence Pugh
49%
Emily Blunt
48%
Henry Cavill
47%
Ellie Goulding
45%
Jude Bellingham
42%
Olly Murs
40%
Marcus Rashford
38%
Jessie J
37%
Stormzy
36%
Tom Daley
36%
Central Cee
35%
Mo Farah
35%
YUNGBLUD
35%
Anne Marie
34%
Jack Whitehall
34%
Daniel Kaluuya
33%
Dev Patel
33%
Phil Foden
33%
Jimmy Carr
31%
Lee Mack
30%
Michael McIntyre
30%
David Mitchell
29%
Will Poulter
29%
Bob Mortimer
27%
Greg Davies
27%
Alison Hammond
26%
Lando Norris
26%
Richard Ayoade
26%
Romesh Ranganathan
26%
Emma Raducanu
24%
Joseph Quinn
24%
Sophie Turner
24%
Dermot O'Leary
23%
James Acaster
23%
Kit Connor
23%
Rob Beckett
22%
Sophie Ellis Bextor
21%
George Russell
17%
Jodie Comer
17%
Joe Lycett
17%
Alex Horne
16%
Charlie Heaton
16%
Emma Willis
16%
Kate Bush
16%
Alessia Russo
15%
Judi Love
14%
Liza Tarbuck
14%
Ben Stokes
13%
Daisy May Cooper
13%
Leah Williamson
13%
Lucy Bronze
13%
Beth Mead
12%
Vanessa Kirby
12%
Lou Sanders
10%
Damson Idris
9%
Dido
9%
Ella Toone
9%
Dina Asher-Smith
8%
Morgana Robinson
8%
Hannah Hampton
7%
Harriet Kemsley
7%
Katarina Johnson Thompson
7%
Lee Westwood
7%
Bugzy Malone
6%
Jason Kenny
6%
Natasha Bedingfield
6%
Owen Farrelll
6%
Self Esteem
6%
Stevie Martin
6%
Babatunde Aleshe
5%
Keely Hodgkinson
3%
Skye Newman
3%
Jonny Bairstow
2%
Estelle
1%
No matching quizzes found
Score Distribution
Percent of People with Each Score
Percentile by Number Answered
Your Score History
You have not taken this quiz since the last reset